00609nam a2200181Ia 4500008004100000020001800041041000800059082001400067100001900081245006800100250001200168260004300180300000900223365000700232650002300239952014800262999001700410251210s2025 xx 000 0 und d a9789395454452 aeng a613.2 BRA aBramaramba, M. aA textbook of applied nutrition and dietetics for B.Sc. nursing a1st ed. aVijayawadabVijayam Publicationsc2025 a425p cRS aFood and nutrition 00104070aCNbCNcR8S35d2025-11-22eVikas publishers and Distributrorsg799.00l2o613.2 BRApCN6365r2026-03-27s2026-03-26w2025-12-10yCR c64658d64658